00378cam a2200157ua 45000010005000000080039000050200018000440400009000621000023000712450033000942500009001272600040001363000014001766530010001906530020002003627111126n ii |||gr||||Z||||||hin a81-86135-34-2 cMAIN aBinodini,eAuthor.11aJanma janmantarcby Binodini a1st. aBaranashi:bSanjay book center,998. a105p:5cm. aHindi aJanma janmantar